<?xml version="1.0" encoding="UTF-8"?>
<record
    xmlns:xsi="http://www.w3.org/2001/XMLSchema-instance"
    xsi:schemaLocation="http://www.loc.gov/MARC21/slim http://www.loc.gov/standards/marcxml/schema/MARC21slim.xsd"
    xmlns="http://www.loc.gov/MARC21/slim">

  <leader>01700nas a2200385 i 4500</leader>
  <controlfield tag="001">1889</controlfield>
  <controlfield tag="003">ES-MaACL</controlfield>
  <controlfield tag="005">20260611134255.0</controlfield>
  <controlfield tag="007">t|</controlfield>
  <controlfield tag="008">950801c1877    sp  |         |  1 ||pa d</controlfield>
  <datafield tag="022" ind1=" " ind2=" ">
    <subfield code="a">0034-9569</subfield>
  </datafield>
  <datafield tag="080" ind1=" " ind2=" ">
    <subfield code="a">355.353</subfield>
  </datafield>
  <datafield tag="245" ind1="0" ind2="0">
    <subfield code="a">Revista general de Marina /</subfield>
    <subfield code="c">publicada en la Direcci&#xF3;n de Hidrograf&#xED;a.</subfield>
  </datafield>
  <datafield tag="260" ind1=" " ind2=" ">
    <subfield code="a">Madrid :</subfield>
    <subfield code="b">Dep&#xF3;sito Hidrogr&#xE1;fico,</subfield>
    <subfield code="c">1877-</subfield>
  </datafield>
  <datafield tag="300" ind1=" " ind2=" ">
    <subfield code="a">95 v. :</subfield>
    <subfield code="b">il. ;</subfield>
    <subfield code="c">23 cm.</subfield>
  </datafield>
  <datafield tag="310" ind1=" " ind2=" ">
    <subfield code="a">Mensual</subfield>
  </datafield>
  <datafield tag="362" ind1="0" ind2=" ">
    <subfield code="a">T. I (1877)-</subfield>
  </datafield>
  <datafield tag="500" ind1=" " ind2=" ">
    <subfield code="a">A partir de 1922 la publica el Negociado de Estudios e Informaci&#xF3;n del Estado Mayor de la Armada.</subfield>
  </datafield>
  <datafield tag="515" ind1=" " ind2=" ">
    <subfield code="a">Interrumpida su publicaci&#xF3;n de 1936 a 1940.</subfield>
  </datafield>
  <datafield tag="530" ind1=" " ind2=" ">
    <subfield code="a">Disponible en Internet.</subfield>
  </datafield>
  <datafield tag="650" ind1=" " ind2="7">
    <subfield code="a">Arte y ciencia militar</subfield>
    <subfield code="2">embne</subfield>
    <subfield code="9">135619</subfield>
  </datafield>
  <datafield tag="650" ind1=" " ind2="4">
    <subfield code="a">Marina de guerra.</subfield>
    <subfield code="9">136465</subfield>
  </datafield>
  <datafield tag="655" ind1=" " ind2="7">
    <subfield code="2">tgfbne</subfield>
    <subfield code="9">226866</subfield>
    <subfield code="a">Revistas</subfield>
  </datafield>
  <datafield tag="710" ind1="1" ind2=" ">
    <subfield code="a">Espa&#xF1;a.</subfield>
    <subfield code="b">Direcci&#xF3;n de Hidrograf&#xED;a.</subfield>
    <subfield code="9">3694</subfield>
  </datafield>
  <datafield tag="770" ind1=" " ind2=" ">
    <subfield code="w">195853</subfield>
    <subfield code="t">Cuadernos de pensamiento naval =</subfield>
    <subfield code="x">ISSN 1697-2333</subfield>
  </datafield>
  <datafield tag="852" ind1=" " ind2=" ">
    <subfield code="a">ES-MaACL</subfield>
    <subfield code="j">HEM-H-511</subfield>
    <subfield code="z">A&#xF1;os: 2022-2024-2025-2026</subfield>
    <subfield code="z">Casillero actual: C&#xBA; 44</subfield>
    <subfield code="9">1927</subfield>
    <subfield code="c">HEM</subfield>
    <subfield code="z">Revista viva</subfield>
    <subfield code="h">Donaci&#xF3;n: Editorial</subfield>
  </datafield>
  <datafield tag="852" ind1=" " ind2=" ">
    <subfield code="a">ES-MaACL</subfield>
    <subfield code="j">HEM-433</subfield>
    <subfield code="z">A&#xF1;os: 1877-1962</subfield>
    <subfield code="c">DEPO1</subfield>
    <subfield code="9">203992</subfield>
    <subfield code="h">Donaci&#xF3;n: Editorial</subfield>
  </datafield>
  <datafield tag="856" ind1="4" ind2=" ">
    <subfield code="u">https://dialnet.unirioja.es/servlet/revista?codigo=6456</subfield>
    <subfield code="y">Sumarios de la revista en Dialnet.</subfield>
  </datafield>
  <datafield tag="856" ind1="4" ind2=" ">
    <subfield code="u">https://publicaciones.defensa.gob.es/revista-general-de-marina-100.html</subfield>
    <subfield code="y">Versi&#xF3;n en l&#xED;nea</subfield>
  </datafield>
  <datafield tag="866" ind1=" " ind2="0">
    <subfield code="z">HEM-433</subfield>
    <subfield code="o">1877-1881,1888-1923,(1956)1957-1958(1959)1960-1961(1962). Faltas: 1887(f.en.-feb.) 1959(f.feb.,sept.y nov.)</subfield>
  </datafield>
  <datafield tag="866" ind1="1" ind2="0">
    <subfield code="z">HEM-H-511</subfield>
    <subfield code="o">2022-2024-2025-2026</subfield>
  </datafield>
  <datafield tag="942" ind1=" " ind2=" ">
    <subfield code="2">udc</subfield>
    <subfield code="c">PERIODICA</subfield>
    <subfield code="n">0</subfield>
  </datafield>
  <datafield tag="999" ind1=" " ind2=" ">
    <subfield code="c">1889</subfield>
    <subfield code="d">1889</subfield>
  </datafield>
  <datafield tag="952" ind1=" " ind2=" ">
    <subfield code="0">0</subfield>
    <subfield code="1">0</subfield>
    <subfield code="2">udc</subfield>
    <subfield code="3">&#xDA;ltimo n&#xFA;mero recibido: n.&#xBA; 290 (2026)</subfield>
    <subfield code="4">0</subfield>
    <subfield code="7">0</subfield>
    <subfield code="8">Hemeroteca</subfield>
    <subfield code="a">ATENEOM</subfield>
    <subfield code="b">ATENEOM</subfield>
    <subfield code="c">HEM</subfield>
    <subfield code="d">2008-01-17</subfield>
    <subfield code="e">DONACION</subfield>
    <subfield code="l">0</subfield>
    <subfield code="o">HEM-H-511 (C&#xBA; 44)</subfield>
    <subfield code="p">1001928</subfield>
    <subfield code="r">2023-02-23 00:00:00</subfield>
    <subfield code="w">2023-02-23</subfield>
    <subfield code="y">PERIODICA</subfield>
  </datafield>
  <datafield tag="952" ind1=" " ind2=" ">
    <subfield code="0">0</subfield>
    <subfield code="1">0</subfield>
    <subfield code="2">udc</subfield>
    <subfield code="4">0</subfield>
    <subfield code="7">0</subfield>
    <subfield code="8">Hemeroteca</subfield>
    <subfield code="a">ATENEOM</subfield>
    <subfield code="b">ATENEOM</subfield>
    <subfield code="c">DEPO1</subfield>
    <subfield code="d">2024-08-27</subfield>
    <subfield code="l">0</subfield>
    <subfield code="o">HEM-433</subfield>
    <subfield code="p">101228801</subfield>
    <subfield code="r">2024-08-27 00:00:00</subfield>
    <subfield code="w">2024-08-27</subfield>
    <subfield code="y">PERIODICA</subfield>
  </datafield>
</record>
